Advanced Knowledge Application in Practice (E-Book) (Record no. 192337)

000 -LEADER
fixed length control field 01726 a2200145 4500
003 - CONTROL NUMBER IDENTIFIER
control field Nust
005 - DATE AND TIME OF LATEST TRANSACTION
control field 20170207154035.0
040 ## - CATALOGING SOURCE
Transcribing agency Nust
100 ## - MAIN ENTRY--PERSONAL NAME
Personal name Igor Fürstner
245 ## - TITLE STATEMENT
Title Advanced Knowledge Application in Practice (E-Book)
Statement of responsibility, etc. Igor Fürstner
260 ## - PUBLICATION, DISTRIBUTION, ETC.
Place of publication, distribution, etc. India
Name of publisher, distributor, etc. Sciyo
Date of publication, distribution, etc. © 2010
300 ## - PHYSICAL DESCRIPTION
Extent 390 p;
505 ## - FORMATTED CONTENTS NOTE
Formatted contents note An Advanced and Automated Neural Network based Textile Defect Detector 1 Wear Simulation 15 On-line Optodynamic Monitoring of Laser Materials Processing 37 Properties of Hard Carbon Coatings Manufactured on Magnesium Alloys by PACVD Method 61 Simulation of Cold Formability for Cold Forming Processes 85 Investigation and Comparison of Aluminium Foams Manufactured by Different Techniques 95 Application of Fractal Dimension for Estimation of the Type of Passenger Car Driver 119 Advanced Technologies in Biomechanics Investigations for the Analysis of Human Behaviour in Working Activities 131 Polar Sport Tester for Cattle Heart Rate Measurements 157 Realization of a Control IC for PMLSM Drive Based on FPGA Technology 173 Adaptive Control for Power System Stability Improvement 195 General Theory and Practice of Basic Models in the Building of Hydroacoustical Antennas 211 Readout System for Medium-Sized Experiments 243 Swarm Robotics: An Extensive Research Review 259 Virtual Reality Control Systems 279 Real-Time Control System for a Two-Wheeled Inverted Pendulum Mobile Robot 299 From Telerobotic towards Nanorobotic Applications 313 Aid for the Blind to Facilitate the Learning Process of the Local Environment by the Use of Tactile Map 327 Cornea Contour Extraction from OCT Radial Images 341 Advances in Phytoremediation Research: A Case Study of Gynura pseudochina (L.) DC. 353
651 ## - SUBJECT ADDED ENTRY--GEOGRAPHIC NAME
Geographic name (E-Book)
942 ## - ADDED ENTRY ELEMENTS (KOHA)
Source of classification or shelving scheme
Koha item type Book
Holdings
Withdrawn status Lost status Source of classification or shelving scheme Damaged status Not for loan Collection code Permanent Location Current Location Date acquired Total Checkouts Barcode Date last seen Price effective from Koha item type
            Military College of Signals (MCS) Military College of Signals (MCS) 12/12/2016   MCSEB-1500 12/08/2016 12/12/2016 Book
© 2023 Central Library, National University of Sciences and Technology. All Rights Reserved.